000 01680 aa a2200277 4500
005 20090826111844.0
008 081126t xxu||||| |||| 00| 0 hin d
010 _aB-356779
020 _a9788170437031
_c500.00
035 _aB-356779
037 _bDBAD / PUB आत्माराम एण्ड सन्ज
040 _aDPL
_bHN
082 _a027.8
100 _aफ़ार्गो, एल.एफ.
245 _aस्कूल-पुस्तकालय के विविध रूपः (सचित्र) /
_cएल.एफ. फ़ार्गो; शशि प्रभा त्रिपाठी द्वारा अनुदित
246 _aSchool-pustakaalaya ke vividh rupa : ( sachitra )
_bL. F. Fargo; translated by Shashi Prabha Tripathy
260 _aदिल्ली
_bआत्माराम एण्ड संस
_c2009
270 _a1376, कश्मीरी गेट
_bदिल्ली
_cदिल्ली
_e110006
300 _a472पृ
_c22 सेमी (सजिल्द)
_bसचित्र
650 _aस्कूल-पुस्तकालय
_zभारत
650 _aSchool libraries
_zIndia
700 _aत्रिपाठी, शशिप्रभा
942 _adpl
_cHN
_2ddc
_mफ़ार्गोए
_h027.8
999 _c29619
_d29619